000 00336nam a2200145Ia 4500
005 20251222152713.0
008 251222s9999||||xx |||||||||||||| ||spa||
020 _a9788498383522
082 _a894.541.34/O39
100 _aOksanen, Sofi
245 0 _aPurga
250 _a2da.ed.
264 _bEdiciones Salmandra, S.A.
942 _cLIB
999 _c29284
_d29284